Statystyki dla Youtuberzy powyżej miliona Subskrybcji!

Kliknij tutaj aby rozwiązać quiz!

Ogólne statystyki

  • Ten quiz został rozwiązany 222 razy
  • Średni wynik to 22 z 77

Statystyki odpowiedzi

LiczbaYoutaber% Poprawnych
1Blowek
97%
6Friz
86%
3Rezigiusz
85%
2Stuu
85%
5Abstrachuje.tv
73%
70Tromba
67%
56WERSOW
64%
19Tomasz 'Gimper' Działowy
63%
4SA Wardęga
61%
7Naruciak
58%
22Mandzio
56%
10Isamu
52%
18BEKSY
51%
11Kamerzysta
48%
12izak LIVE
46%
17Marcin Malczynski
46%
26TheNitroZyniak
45%
65Kruszwil
43%
51Boruciak
39%
53WAKSY
36%
35BOXDEL
34%
8Planeta Faktów
34%
95 Sposobów na...
33%
32Remigiusz Maciaszek
33%
15Vito Minecraft
33%
13Multi
32%
30skkf
32%
24ROJSON
30%
41Agnieszka Grzelak Vlog
27%
52Marcin Dubiel
27%
21DeeJayPallaside
26%
66Szparagi
26%
34Ponki
25%
28Kaluch
24%
40Red Lipstick Monster
24%
63Agnieszka Grzelak Beauty
23%
29JDabrowsky
23%
58WiP Bros.
23%
27THEUNBOXALL
22%
45Dominik Łupicki
21%
23Niekryty Krytyk
20%
57Vertez
20%
42AdBuster
19%
20FIT LOVERS
19%
74MagdalenaMariaMonika
19%
33Z Dvpy
19%
50Poszukiwacz
18%
68Dezy
17%
25Wojan
17%
77Ajgor Ignacy
16%
62Cyber Marian
16%
47TRENUJ Z KRZYCHEM
15%
145-minutowe sztuczki
14%
36GPlay
14%
44Martin Stankiewicz
14%
38RoxMb
14%
43Dawid Frank
13%
69Historia bez cenzury
13%
55JASNA STRONA
13%
39smiechawaTV
13%
60dealereq
10%
16SPInkafilmstudio
10%
61Zuzanna Borucka
10%
31Disowskyy
9%
54Medusa Official
9%
46NIEPRZYGOTOWANI: Nowe Pokolenie
9%
48Sitr0x
9%
37Zajcu37
9%
59Topowa Dycha
8%
67NOLIF
7%
76GramPaula
5%
49Mateusz M
3%
73TVGRYpl
3%
71GilathissNew
2%
72Miłośnicy czterech kółek -zrób to sam
2%
75Kshaway
1%
64Enduro KeX
0%

Rozkład punktacji

Percentyl według liczby udzielonych odpowiedzi

Procent ludzi z każdym wynikiem

Twoja historia wyników

Nie rozwiązałeś tego quizu